Kolory emocji - Statystyki

Ogólne statystyki
  • Ten quiz został rozwiązany 60 razy
  • Średni wynik to 4 z 18
Statystyki odpowiedzi
Emocja Kolor % Poprawnych
Miłość Jasny czerwony
78%
Szczęście, radość Różowy
54%
Smutek Jasno niebieski
48%
Nienawiść Ciemna czerwień
43%
Czystość Biały
39%
Depresja Ciemny niebieski
24%
Współczucie Ciemny róż
22%
Melanocholia Niebieski
20%
Zazdrość Jasny zielony
17%
Przerażenie, wycofanie Czarny
13%
Ciekawość Pomarańczowy
13%
Strach Żółty
11%
Odwaga Ciemno żółty
9%
Złość, wściekłość Fioletowy
9%
Zakłopotanie Szary
9%
Chrzciwość Zielony
9%
Choroba Brązowy
7%
Pasja Lawendowy
2%
Nie znaleziono quizów pasujących do podanych kryteriów
Rozkład punktacji
Procent ludzi z każdym wynikiem
Percentyl według liczby udzielonych odpowiedzi
Twoja historia wyników
Nie rozwiązałeś tego quizu